Como la Lola - Chloe de la Rosa - Eurovision Junior 2024 Spain - Estadísticas

Estadísticas generales
  • Esta prueba ha sido intentada 100 veces
  • La puntuación promedio es 277 de 363
Estadísticas de respuestas
Respuesta % Correcto
la
100%
La
100%
lo
100%
Como
99%
como
99%
Lola
97%
de
94%
se
94%
mi
93%
y
92%
Y
92%
quiero
90%
Quiero
90%
Taylor
90%
a
89%
ser
89%
un
89%
motomami
87%
Shaki
87%
shaki
87%
yo
86%
Yo
86%
barrio
85%
I
85%
Karol
85%
universal
85%
Olivia
83%
cantista
79%
Pero
79%
que
79%
Que
79%
loba
77%
Es
76%
es
76%
más
73%
Voy
69%
voy
69%
grande
66%
reina
66%
artista
65%
corazones
65%
mayor
65%
Cantante
61%
Flores
61%
En
59%
en
59%
estoy
59%
loca
59%
el
56%
El
56%
protagonista
55%
dicen
54%
no
54%
he
52%
Los
52%
los
52%
What
52%
me
51%
al
49%
equivocan
49%
si
49%
son
49%
cantar
48%
escuela
48%
sueños
48%
todos
48%
fe
46%
Soy
46%
ganas
45%
ver
45%
bebés
44%
echarle
44%
por
44%
bailar
41%
importa
41%
mundo
41%
principio
41%
porque
39%
acuario
37%
grandes
37%
pa
37%
desde
35%
escenario
35%
fuera
35%
micro
35%
te
35%
ciudad
34%
dance
34%
nacido
34%
cogía
32%
Europa
32%
Music
32%
pequeños
32%
sonajero
32%
toda
32%
wanna
32%
cuna
31%
planetas
31%
agua
30%
cosa
30%
entero
30%
pez
30%
Somos
30%
cada
28%
solo
28%
cuando
27%
mar
27%
Postureo
27%
queremos
27%
subo
27%
Quien
25%
arte
24%
cantarle
24%
Cero
24%
dijo
24%
juego
24%
cosquillitas
23%
soñar
23%
verdadero
23%
Amo
20%
compás
20%
hace
20%
nuevo
20%
Ya
20%
Eh
18%
miedo
18%
profundo
18%
tripa
18%
wins
18%
viejo
17%
fuego
15%
Quema
15%
No se encontraron pruebas coincidentes
Distribución de puntuación
Porcentaje de gente con cada puntuación
Porcentaje por número respondido
Historial de tus puntuaciones
No has intentado esta prueba.